[Event "Challenge"]
[Site "http://www.queenalice.com/game.php?id=1588681"]
[Date "2019.11.1"]
[Round "-"]
[White "WLAO"]
[Black "Lordul"]
[Result "0-1"]
[WhiteElo "1608"]
[BlackElo "1798"]

1. e4 e5 2. Nf3 d6 3. Bc4 Bg4 4. c3 c6 5. d4 b5 6. Be2 Bxf3 7. Bxf3 a5 8. d5 c5
9. O-O Ra7 10. Bg4 g6 11. Be3 h5 12. Bh3 g5 13. Bf5 g4 14. g3 Bh6 15. Bxh6 Nxh6
16. Qd2 h4 17. Qe2 Nxf5 18. Qxg4 Nh6 19. Qg7 Ke7 20. Qg5+ f6 21. Qxh4 Qg8 22.
Qh3 Ng4 23. Qg2 Rxh2 24. Qxh2 Nxh2 25. Kxh2 Kd8 26. Nd2 Qg4 27. Kg2 Qe2 28. Nf3
Qxe4 29. Rad1 Rg7 30. Rfe1 Qg6 31. Nh4 Qh5 32. Kh3 f5 33. Rd3 f4 34. Rf3 Nd7 35.
Rh1 Nf6 36. Kg2 fxg3 37. fxg3 Qg5 38. Rh3 Qd2+ 39. Rf2 Qxd5+ 40. Kh2 Ng4+ 41.
Kg1 Nxf2 42. Kxf2 Rf7+ 43. Ke2 Qxa2 44. Kd3 Qxb2 45. g4 Rf2 46. Ke4 Qe2+ 47. Kd5
Kc7 48. Rg3 Qc4# 0-1

[Event "Challenge"]
[Site "http://www.queenalice.com/game.php?id=1593517"]
[Date "2019.12.20"]
[Round "-"]
[White "WLAO"]
[Black "Lordul"]
[Result "0-1"]
[WhiteElo "1521"]
[BlackElo "1806"]

1. e4 e5 2. Bc4 Bc5 3. Nf3 d6 4. O-O Bg4 5. c3 c6 6. d3 h6 7. b4 Bb6 8. Be3 Bc7
9. Nbd2 b5 10. Bb3 a5 11. d4 a4 12. Bc2 f6 13. a3 Bb6 14. Qe2 h5 15. h3 Bxf3 16.
Nxf3 Ra7 17. d5 Bxe3 18. Qxe3 Qc7 19. Nh4 g5 20. Nf5 c5 21. bxc5 dxc5 22. Rab1
Qd7 23. Bd1 Na6 24. d6 Nh6 25. Bxh5+ Kf8 26. Qd3 c4 27. Nxh6 Rxh6 28. Bg4 Qc6
29. Be6 Nc5 30. Qd5 Qb6 31. d7 Nxd7 32. Bg8 Nc5 33. Rbd1 Nd3 34. Be6 Rhh7 35.
Bf5 Rhg7 36. Rxd3 cxd3 37. Qxd3 Rge7 38. Rb1 Qc5 39. Rxb5 Qxa3 40. Rb8+ Kf7 41.
Qf3 Qc1+ 42. Kh2 Qf4+ 43. Qxf4 exf4 44. Rh8 a3 45. Rh7+ Kg8 46. Rh6 Ra6 47. Rg6+
Kf7 48. h4 gxh4 49. Kh3 a2 50. Rh6 a1=Q 51. Rh7+ Ke8 52. Rh8+ Kf7 53. Rh7+ Kg8
54. Rxe7 Qxc3+ 55. f3 Qe1 56. Be6+ Kh8 57. Kg4 Qg3+ 58. Kf5 Qg5# 0-1

[Event "Challenge"]
[Site "http://www.queenalice.com/game.php?id=1597133"]
[Date "2020.1.22"]
[Round "-"]
[White "colatina"]
[Black "Lordul"]
[Result "1-0"]
[WhiteElo "1696"]
[BlackElo "1811"]

1. e4 e5 2. Nf3 d6 3. Bc4 Bg4 4. d4 Nd7 5. Bxf7+ Kxf7 6. Ng5+ Ke8 7. Qxg4 Nh6 8.
Ne6 Qc8 9. Bxh6 Nf6 10. Nxg7+ Bxg7 11. Qxc8+ Rxc8 12. Bxg7 Rg8 13. Bxf6 Rxg2 14.
dxe5 Kf7 15. Nc3 Ke6 16. f4 Rg4 17. Bg5 dxe5 18. h3 Rg3 19. f5+ Kf7 20. h4 c6
21. Kf2 Rg4 22. Rag1 Rxg1 23. Rxg1 b5 24. Bh6 Rg8 25. Rxg8 Kxg8 26. a4 b4 27.
Na2 a5 28. c3 b3 29. Nc1 Kf7 30. Nxb3 Ke7 31. Bg5+ Kd6 32. Nxa5 Kc5 33. f6 Kb6
34. f7 Kxa5 35. f8=Q Kxa4 36. Qb4# 1-0

[Event "Grognard"]
[Site "http://www.queenalice.com/game.php?id=1630713"]
[Date "2020.10.24"]
[Round "1"]
[White "MePa"]
[Black "Lordul"]
[Result "0-1"]
[WhiteElo "1697"]
[BlackElo "1790"]

1. e4 e5 2. Nf3 d6 3. Bc4 Bg4 4. Nc3 c6 5. d4 d5 6. Bb3 Bb4 7. dxe5 h6 8. exd5
Bxc3+ 9. bxc3 Ne7 10. d6 Nf5 11. Ba3 f6 12. O-O fxe5 13. Re1 Nd7 14. Nxe5 Bxd1
15. Nf7+ Kf8 16. Nxd8 Rxd8 17. Raxd1 b6 18. Be6 Nh4 19. Bb3 c5 20. Re7 g5 21.
Ba4 Nf6 22. Rxa7 Nf5 23. Rb7 Ra8 24. d7 Rd8 25. Rxb6 Kg7 26. Bxc5 Ne4 27. Bd4+
Nxd4 28. Rxd4 Nxc3 29. Bb3 Ne2+ 30. Kf1 Nxd4 31. Rd6 Nxb3 32. axb3 Kf7 33. c4
Ke7 34. Rd4 Rxd7 35. Rxd7+ Kxd7 36. Ke2 Rb8 0-1

[Event "Challenge"]
[Site "http://www.queenalice.com/game.php?id=1633472"]
[Date "2020.11.19"]
[Round "-"]
[White "MADMIKE"]
[Black "Lordul"]
[Result "1-0"]
[WhiteElo "1869"]
[BlackElo "1802"]

1. d4 d5 2. Nc3 e6 3. a3 c6 4. e4 b5 5. e5 a5 6. Nf3 h6 7. Be2 a4 8. b4 g5 9.
Nd2 Ne7 10. f4 gxf4 11. Bh5 Ng6 12. O-O Qg5 13. Bxg6 fxg6 14. Nf3 Qf5 15. h3 h5
16. Nh4 Qg5 17. Rxf4 Qh6 18. Rf6 Qh7 19. Nxg6 Be7 20. Nxe7 Kxe7 21. Rh6 Qg7 22.
Rxh8 Qxh8 23. Bg5+ Ke8 24. Qf3 Qg7 25. Qxh5+ Kd7 26. Rf1 Kc7 27. Rf7+ Qxf7 28.
Qxf7+ Bd7 29. Qf8 Ra7 30. Ne2 Na6 31. Qd8+ 1-0